[Event "BAN-chB 44th"]
[Site "Dhaka"]
[Date "2018.11.17"]
[Round "6"]
[White "Abu, Hanif"]
[Black "Uddin, Saif"]
[Result "0-1"]
[WhiteElo "1859"]
[BlackElo "2017"]
[PlyCount "84"]
[EventDate "2018.11.13"]
[EventType "swiss"]
[EventRounds "9"]
[EventCountry "BAN"]
[SourceTitle "CBM 187 Extra"]
[Source "ChessBase"]
[SourceDate "2018.11.04"]
[SourceVersion "1"]
[SourceVersionDate "2018.11.04"]
[SourceQuality "1"]

1. e4 c5 2. Nf3 Nc6 3. Bb5 d6 4. 0-0 Bd7 5. Re1 e5 6. c3 a6 7. Bf1 Bg4 8. d3 Be7 9. Na3 Nf6 10. Nc2 0-0 11. Ne3 Be6 12. Nc2 d5 13. exd5 Qxd5 14. Ne3 Qd8 15. Ng5 Bc8 16. Nc4 Ng4 17. Nf3 Qc7 18. h3 b5 19. Ne3 Nxe3 20. Bxe3 Bb7 21. Rc1 Rad8 22. Qc2 h6 23. d4 exd4 24. cxd4 Nb4 25. Qb1 Bxf3 26. gxf3 c4 27. a3 Nd5 28. Qe4 Rd6 29. Kh1 f5 30. Qc2 Rg6 31. Bd2 Rc6 32. Re5 Qd7 33. Bg2 f4 34. Qe4 Rd6 35. Bb4 Nf6 36. Qe1 Bd8 37. Bxd6 Qxd6 38. Rd1 Kf7 39. Kg1 Bb6 40. d5 Rd8 41. Re6 Qc5 42. Rxf6+ gxf6 0-1

[Event "BAN-chB 44th"]
[Site "Dhaka"]
[Date "2018.11.16"]
[Round "5"]
[White "Abu, Hanif"]
[Black "Nayem, Haque"]
[Result "0-1"]
[WhiteElo "1859"]
[BlackElo "2074"]
[PlyCount "74"]
[EventDate "2018.11.13"]
[EventType "swiss"]
[EventRounds "9"]
[EventCountry "BAN"]
[SourceTitle "CBM 187 Extra"]
[Source "ChessBase"]
[SourceDate "2018.11.04"]
[SourceVersion "1"]
[SourceVersionDate "2018.11.04"]
[SourceQuality "1"]

1. e4 c5 2. Nf3 d6 3. d4 cxd4 4. Nxd4 Nf6 5. Nc3 g6 6. f3 Bg7 7. Be3 0-0 8. Qd2 Nc6 9. g4 Bd7 10. h4 h5 11. g5 Ne8 12. 0-0-0 Rc8 13. Kb1 Nc7 14. Nxc6 bxc6 15. Bd4 Bxd4 16. Qxd4 Ne6 17. Qd2 Nc5 18. Bc4 Be6 19. Bxe6 fxe6 20. f4 Qb6 21. Rhf1 Rb8 22. b3 a5 23. Qd4 Qb4 24. Ka1 Qxd4 25. Rxd4 e5 26. Rdd1 Rxf4 27. Rxf4 exf4 28. Rf1 Rf8 29. Rf3 e5 30. Kb2 Kf7 31. a3 Ke6 32. b4 Rb8 33. b5 cxb5 34. Kc1 b4 35. axb4 axb4 36. Nd5 Nxe4 37. Rd3 Rb7 0-1

[Event "BAN-chB 44th"]
[Site "Dhaka"]
[Date "2018.11.15"]
[Round "4"]
[White "Husain, Ejaz"]
[Black "Abu, Hanif"]
[Result "0-1"]
[WhiteElo "2003"]
[BlackElo "1859"]
[PlyCount "118"]
[EventDate "2018.11.13"]
[EventType "swiss"]
[EventRounds "9"]
[EventCountry "BAN"]
[SourceTitle "CBM 187 Extra"]
[Source "ChessBase"]
[SourceDate "2018.11.04"]
[SourceVersion "1"]
[SourceVersionDate "2018.11.04"]
[SourceQuality "1"]

1. e4 e6 2. d4 d5 3. Nc3 Nf6 4. Bg5 Be7 5. e5 Nfd7 6. Bxe7 Qxe7 7. Nb5 Na6 8. c3 0-0 9. Bd3 Rd8 10. Qh5 Nf8 11. Nf3 Bd7 12. a4 Be8 13. Qg4 Nb8 14. b3 a6 15. Na3 c5 16. Nc2 Nc6 17. 0-0 Rac8 18. Ng5 cxd4 19. cxd4 f6 20. exf6 Qxf6 21. Nf3 Bg6 22. Bxg6 Nxg6 23. Rfe1 e5 24. dxe5 Ncxe5 25. Nxe5 Nxe5 26. Qe2 Ng6 27. Qd2 Qb2 28. Rac1 Qxb3 29. Nd4 Qxa4 30. Ne6 Rxc1 31. Rxc1 Re8 32. Qxd5 Qb5 33. Qa2 Kh8 34. g3 Qe5 35. Nc7 Rc8 36. Qd2 h6 37. Qd7 Ne7 38. Kf1 a5 39. f4 Qe4 40. Rc5 b6 41. Re5 Qc4+ 42. Kg2 Qxc7 43. Rxe7 Qxd7 44. Rxd7 b5 45. Rb7 b4 46. Rb5 Ra8 47. Kh3 Kg8 48. Kg4 Kf7 49. f5 Ra6 50. Kf4 Kf6 51. h4 h5 52. Ke4 a4 53. Rxb4 a3 54. Rb1 a2 55. Ra1 Ra4+ 56. Kf3 Kxf5 57. Kg2 Kg4 58. Kh2 Ra3 59. Kh1 Kxg3 0-1

[Event "BAN-chB 44th"]
[Site "Dhaka"]
[Date "2018.11.13"]
[Round "1"]
[White "Abu, Hanif"]
[Black "Anata, Choudhury"]
[Result "0-1"]
[WhiteElo "1859"]
[BlackElo "2141"]
[PlyCount "94"]
[EventDate "2018.11.13"]
[EventType "swiss"]
[EventRounds "9"]
[EventCountry "BAN"]
[SourceTitle "CBM 187 Extra"]
[Source "ChessBase"]
[SourceDate "2018.11.04"]
[SourceVersion "1"]
[SourceVersionDate "2018.11.04"]
[SourceQuality "1"]

1. e4 c5 2. Nf3 d6 3. d4 cxd4 4. Nxd4 Nf6 5. Nc3 a6 6. f3 e5 7. Nb3 Be6 8. Bg5 Nbd7 9. Be2 Be7 10. 0-0 0-0 11. Qd2 Qc7 12. Rfd1 Rac8 13. Rac1 Rfd8 14. Qe1 Nb6 15. Nd2 d5 16. Bxf6 Bxf6 17. exd5 Nxd5 18. Nde4 Be7 19. Nxd5 Bxd5 20. Bd3 Qb6+ 21. Kh1 Qxb2 22. c4 Bc6 23. Rb1 Qd4 24. Ng3 Qc5 25. Ne4 Qa7 26. Nc3 Qc5 27. Ne4 Qd4 28. Ng3 Qf4 29. Qe2 g6 30. Re1 Bh4 31. Be4 Rd2 32. Qe3 Qxe3 33. Rxe3 Rxa2 34. Bd5 Bxd5 35. cxd5 Rb2 36. Rd1 Rd2 37. Ree1 Rcc2 38. d6 Rxg2 39. Nf1 Bxe1 40. d7 Ba5 41. d8Q+ Bxd8 42. Rxd8+ Kg7 43. Rd7 Rgf2 44. Kg1 Rxf3 45. Nd2 Ra3 46. Kf2 Raa2 47. Ke3 Rxd2 0-1

[Event "BAN-chB 43rd"]
[Site "Dhaka"]
[Date "2017.11.10"]
[Round "4"]
[White "Abu, Hanif"]
[Black "Abdul, Momin"]
[Result "0-1"]
[WhiteElo "1856"]
[BlackElo "2029"]
[PlyCount "67"]
[EventDate "2017.11.07"]
[EventType "swiss"]
[EventRounds "11"]
[EventCountry "BAN"]
[SourceTitle "CBM 181 Extra"]
[Source "ChessBase"]
[SourceDate "2017.12.12"]
[SourceVersion "1"]
[SourceVersionDate "2017.12.12"]
[SourceQuality "1"]

1. e4 e5 2. Bc4 Nf6 3. d3 d5 4. exd5 Nxd5 5. Nf3 Nc6 6. c3 Bg4 7. Bg5 f6 8. Bc1 Qd7 9. Bb5 a6 10. Bxc6 Qxc6 11. Nxe5 Bxd1 12. Nxc6 Bc2 13. Nd4 Bxd3 14. Be3 0-0-0 15. a4 Bd6 16. Kd2 Be4 17. Na3 Bxg2 18. Rhg1 Nxe3 19. fxe3 Be4 20. Rxg7 Bxh2 21. b4 Rhg8 22. Re7 Rg2+ 23. Kc1 Bd3 24. Nac2 Bxc2 25. Nxc2 Rdd2 26. Ra2 Be5 27. Rxh7 Bxc3 28. Rh1 Rde2 29. Kb1 b6 30. Rd1 Kb7 31. Rf1 f5 32. Rh1 Bf6 33. Rc1 Ref2 34. Re1 0-1

[Event "BAN-chB 43rd"]
[Site "Dhaka"]
[Date "2017.11.09"]
[Round "3"]
[White "Abu, Hanif"]
[Black "Mohammad, Javed"]
[Result "1-0"]
[WhiteElo "1856"]
[BlackElo "2159"]
[PlyCount "71"]
[EventDate "2017.11.07"]
[EventType "swiss"]
[EventRounds "11"]
[EventCountry "BAN"]
[SourceTitle "CBM 181 Extra"]
[Source "ChessBase"]
[SourceDate "2017.12.12"]
[SourceVersion "1"]
[SourceVersionDate "2017.12.12"]
[SourceQuality "1"]

1. e4 c5 2. Nf3 Nc6 3. d4 cxd4 4. Nxd4 Nf6 5. Nc3 d6 6. f3 e5 7. Ndb5 a6 8. Na3 b5 9. Nd5 Nxd5 10. Qxd5 Qb6 11. c3 Be6 12. Qd3 Be7 13. Be3 Qc7 14. Qd2 Rd8 15. Qf2 Rb8 16. Nc2 0-0 17. Bd3 f5 18. exf5 Bxf5 19. Bxf5 Rxf5 20. 0-0 d5 21. Bc5 e4 22. Bxe7 Qxe7 23. Ne3 Rf7 24. Nxd5 Qg5 25. Rad1 exf3 26. g3 Ne5 27. Qe3 Qf5 28. Nf4 g5 29. Rd5 Re8 30. Nd3 f2+ 31. Kg2 Qf3+ 32. Qxf3 Nxf3 33. Rxf2 Re3 34. Nb4 Re1 35. Rxf3 Re2+ 36. Kf1 1-0

[Event "BAN-chB 41st"]
[Site "Dhaka"]
[Date "2015.10.16"]
[Round "2"]
[White "Emdadul, Haque"]
[Black "Abu, Hanif"]
[Result "1/2-1/2"]
[WhiteElo "1972"]
[BlackElo "1899"]
[PlyCount "72"]
[EventDate "2015.10.15"]
[EventType "swiss"]
[EventRounds "11"]
[EventCountry "BAN"]
[SourceTitle "CBM 169 Extra"]
[Source "ChessBase"]
[SourceDate "2015.12.18"]
[SourceVersion "1"]
[SourceVersionDate "2015.12.18"]
[SourceQuality "1"]

1. d4 d5 2. Bf4 c6 3. e3 Nf6 4. c3 Bf5 5. Nd2 e6 6. Ngf3 Nbd7 7. Be2 Nh5 8. Bg3 b5 9. Bh4 Qc7 10. Bg3 Nxg3 11. hxg3 Bd6 12. a4 b4 13. c4 a5 14. Rc1 Qb7 15. c5 Be7 16. Nb3 Qc7 17. Bd3 Bg4 18. Qc2 Bxf3 19. gxf3 h6 20. f4 0-0-0 21. Kd2 f5 22. Rcg1 Nf6 23. Kc1 g5 24. f3 g4 25. Be2 h5 26. Qd3 Kd7 27. Nd2 Rdg8 28. fxg4 hxg4 29. b3 Qd8 30. Qa6 Qa8 31. Qxa8 Rxa8 32. Bd3 Rag8 33. Bf1 Ke8 34. Kd1 Nd7 35. Bg2 Kf7 36. Ke2 Nb8 1/2-1/2

[Event "BAN-chB 41st"]
[Site "Dhaka"]
[Date "2015.10.15"]
[Round "1"]
[White "Abu, Hanif"]
[Black "Ahmed, Sk Nasir"]
[Result "1/2-1/2"]
[WhiteElo "1899"]
[BlackElo "2297"]
[PlyCount "79"]
[EventDate "2015.10.15"]
[EventType "swiss"]
[EventRounds "11"]
[EventCountry "BAN"]
[SourceTitle "CBM 169 Extra"]
[Source "ChessBase"]
[SourceDate "2015.12.18"]
[SourceVersion "1"]
[SourceVersionDate "2015.12.18"]
[SourceQuality "1"]

1. e4 c5 2. Nf3 d6 3. d4 cxd4 4. Nxd4 Nf6 5. Nc3 a6 6. Be3 e6 7. f3 Be7 8. Qd2 0-0 9. g4 Nc6 10. h4 Nxd4 11. Bxd4 Nd7 12. 0-0-0 b5 13. f4 b4 14. Na4 Bb7 15. Qe3 Qa5 16. b3 e5 17. fxe5 dxe5 18. Bb2 Nc5 19. Nxc5 Bxc5 20. Qf3 Qxa2 21. Rd7 Bc6 22. Rc7 Rac8 23. Rxc8 Rxc8 24. Bc4 Bb5 25. Qxf7+ Kh8 26. Rh3 Rf8 27. Qd5 Bd4 28. Bxd4 exd4 29. Rf3 Re8 30. Qf7 h6 31. g5 d3 32. Rxd3 Qa1+ 33. Kd2 Qe5 34. gxh6 gxh6 35. Bxb5 axb5 36. Rd7 Qc3+ 37. Kd1 Qa1+ 38. Kd2 Qc3+ 39. Kd1 Qa1+ 40. Kd2 1/2-1/2

[Event "BAN-chT"]
[Site "Dhaka"]
[Date "2014.11.20"]
[Round "9"]
[White "Abu, Hanif"]
[Black "Rahman, Farhadur"]
[Result "1/2-1/2"]
[WhiteElo "1904"]
[BlackElo "1997"]
[PlyCount "21"]
[EventDate "2014.11.12"]
[EventType "team-tourn"]
[EventRounds "9"]
[EventCountry "BAN"]
[SourceTitle "CBM 163 Extra"]
[Source "ChessBase"]
[SourceDate "2014.12.23"]
[SourceVersion "1"]
[SourceVersionDate "2014.12.23"]
[SourceQuality "1"]
[WhiteTeam "Sreejon CC"]
[BlackTeam "Leonine CC"]
[WhiteTeamCountry "BAN"]
[BlackTeamCountry "BAN"]

1. e4 e6 2. d4 d5 3. Nc3 Bb4 4. e5 Qd7 5. a3 Bxc3+ 6. bxc3 b6 7. Bd3 Ba6 8. Ne2 Ne7 9. 0-0 Bxd3 10. cxd3 c5 11. f4 1/2-1/2